banner koha

Importancia e analise do sistema de informacoes sobre producao e comercializacao agricola nos jornais do Rio Grande do Sul (Registro n. 322909)

MARC details
000 -LÍDER
campo de controle de tamanho fixo 01316naa a22003257a 4500
001 - NÚMERO DE CONTROLE
campo de controle BR9401622
003 - IDENTIFICADOR DO NÚMERO DE CONTROLE
campo de controle BR-BrBNA
005 - DATA E HORÁRIO DA ÚLTIMA TRANSAÇÃO
campo de controle 20240918180951.0
007 - CAMPO FIXO DE DESCRIÇÃO FÍSICA--INFORMAÇÃO GERAL
campo de controle de tamanho fixo ta
008 - CAMPO DE DADOS FIXOS--INFORMAÇÃO GERAL
campo de controle de tamanho fixo 230509b bl.||||| |||| 00| 0 por d
040 ## - FONTE DA CATALOGAÇÃO
Instituição da catalogação original BR-BrBNA
Idioma da catalogação por
Instituição que transcreveu o registro Biblioteca Nacional de Agricultura
041 ## - CÓDIGO DE IDIOMA
Código do idioma do texto/trilha sonora ou título diferente (Pt)
072 ## - CÓDIGO DE CATEGORIA DE ASSUNTO
Código de Categoria de Assunto C20; E70
090 ## - NÚMERO DE CHAMADA LOCAL
Número de chamada C20 BR9401622
100 1# - ENTRADA PRINCIPAL--NOME PESSOAL
Nome pessoal Schneider, I.A.
100 1# - ENTRADA PRINCIPAL--NOME PESSOAL
Nome pessoal Froheich, E.R.
100 1# - ENTRADA PRINCIPAL--NOME PESSOAL
Nome pessoal Feldens, A.M.
100 1# - ENTRADA PRINCIPAL--NOME PESSOAL
Nome pessoal Fett, J.
111 1# - ENTRADA PRINCIPAL--NOME DO EVENTO
Nome do evento ou lugar 26. Congresso Brasileiro de Economia e Sociologia Rural
Local do evento Fortaleza, CE (Brazil)
Data do evento ou assinatura do tratado 01-05 Aug 1988
245 1# - TÍTULO
Título Importancia e analise do sistema de informacoes sobre producao e comercializacao agricola nos jornais do Rio Grande do Sul
260 3# - PUBLICAÇÃO, DISTRIBUIÇÃO, ETC.
Local de publicação, distribuição, etc. Brasilia, DF (Brasil):
Data da publicação, distribuição, etc. 1988.
500 ## - NOTA GERAL
Nota geral Anais do 26. Congresso Brasileiro de Economia e Sociologia Rural. O estado e a agricultura. Trabalhos de pesquisa<br/>Brasilia, DF (Brasil): 1988. v. 2 p. 865-878<br/>(BR9401622-AM)C20<br/>
650 ## - ASSUNTO--TERMO TÓPICO
Cabeçalho tópico ou nome geográfico Comunicacao
650 ## - ASSUNTO--TERMO TÓPICO
Cabeçalho tópico ou nome geográfico Jornal
650 ## - ASSUNTO--TERMO TÓPICO
Cabeçalho tópico ou nome geográfico Producao
650 ## - ASSUNTO--TERMO TÓPICO
Cabeçalho tópico ou nome geográfico Comercializacao
773 0# - ENTRADA ANALÍTICA
Título Anais do 26. Congresso Brasileiro de Economia e Sociologia Rural. O estado e a agricultura. Trabalhos de pesquisa
Número de controle do registro C20 BR9401622
Partes relacionadas Brasilia, DF (Brasil), 1988. v. 2 p. 865-878
909 ## -
-- 202404
-- Lucia
-- 55
-- Lucia Elande
942 ## - ELEMENTOS DE ENTRADA ADICIONADOS (KOHA)
Tipo de material Koha Capítulo-Livro
Fonte da classificação ou esquema de arquivamento na estante Classificação AGRIS
Exemplares
Situação do descarte Fonte da classificação ou esquema de arquivamento na estante Situação física Não pode ser emprestado Coleção Biblioteca de origem Biblioteca atual Localização na estante Total de empréstimos Número de telefone completo Data de último acesso Número do exemplar Tipo de material Koha Situação das perdas Data de aquisição Fonte de aquisição
  Classificação AGRIS       Biblioteca Nacional de Agricultura - Binagri Biblioteca Nacional de Agricultura - Binagri Agrobase - Acervo Geral   E12 BR9401601 20/05/2024 01 Capítulo-Livro   2024-04-11 Portaria Interministerial nº 164/94

BINAGRI

Telefone: (61)3218-2567/2388/3357/2097 - binagri@agro.gov.br

Ministério da Agricultura e Pecuária , Esplanada dos Ministérios, Bloco D, Anexo B, Brasília/DF, CEP: 70.043-900